000 00915nam a22003137a 4500
001 BR8601157
003 BR-BrBNA
005 20230928092241.0
007 ta
008 230509b bl.||||| |||| 00| 0 por d
040 _aBR-BrBNA
_bpor
_cBiblioteca Nacional de Agricultura
041 _a(Por)
072 _aE16
_b0180
_b0140
_b0440
_b0334
_b/G514
090 _ 0180 BR8601157
110 1 _aCooperativa Regional Triticola Serrana Ltda., Ijui, RS (Brasil)
_92917
245 1 _aCusto de producao. Culturas: trigo, aveia, linho e colza, safra 1986 [Rio Grande do Sul, Brasil]
260 3 _aIjui, RS (Brasil):
_c1986.
300 _a48 p.
500 _a35 tables; 19 ref.
650 _aTRIGO
650 _aAVEIA
650 _aLINHO
650 _aCOLZA
650 _aCUSTO DE PRODUCAO
650 _aANALISE ECONOMICA
650 _aRIO GRANDE DO SUL
909 _a202309
_bLucia
_c55
_dLucia Elande
942 _cBK
999 _c37912
_d37912